000 00324nam a22001217a 4500
008 180607b xxu||||| |||| 00| 0 eng d
041 _aeng
080 _a043.3
100 _a0
101 _aMEK-BTH
245 _aAnalysis of controllers with fuzzy logic (Analize e kontrollereve me fuzzy logic)
_cMurati,F
942 _2udc
_cBK
999 _c46604
_d46604